Antuun : (Record no. 10308)

MARC details
000 -LEADER
fixed length control field 00461nam a22001697a 4500
003 - CONTROL NUMBER IDENTIFIER
control field GBCCL
005 - DATE AND TIME OF LATEST TRANSACTION
control field 20241126110729.0
008 - FIXED-LENGTH DATA ELEMENTS--GENERAL INFORMATION
fixed length control field 240611b ||||| |||| 00| 0 eng d
040 ## - CATALOGING SOURCE
Transcribing agency GBC
082 ## - DEWEY DECIMAL CLASSIFICATION NUMBER
Classification number VER 242
Item number GUI
100 ## - MAIN ENTRY--PERSONAL NAME
Personal name Guite, Vanlalhminglian
9 (RLIN) 17900
245 ## - TITLE STATEMENT
Title Antuun :
Remainder of title a daily biblical spiritual devotional guide in Paite
260 ## - PUBLICATION, DISTRIBUTION, ETC.
Place of publication, distribution, etc. Shillong :
Name of publisher, distributor, etc. T Thangkhansuan,
Date of publication, distribution, etc. 2022
300 ## - PHYSICAL DESCRIPTION
Extent 396p. ;
650 ## - SUBJECT ADDED ENTRY--TOPICAL TERM
Topical term or geographic name entry element Devotional
9 (RLIN) 6484
942 ## - ADDED ENTRY ELEMENTS (KOHA)
Source of classification or shelving scheme Dewey Decimal Classification
Koha item type Books
Holdings
Withdrawn status Lost status Source of classification or shelving scheme Damaged status Not for loan Home library Current Library Shelving location Date acquired Total checkouts Full call number Barcode Date last seen Copy number Price effective from Koha item type
    Dewey Decimal Classification     GRACE BIBLE COLLEGE GRACE BIBLE COLLEGE Vernacular 2024-06-11   VER 242 GUI 020734 2025-05-01 c.1 2024-06-11 Books
    Dewey Decimal Classification     GRACE BIBLE COLLEGE GRACE BIBLE COLLEGE Vernacular 2024-06-11   VER 242 GUI 020735 2025-05-01 c.2 2024-06-11 Books
    Dewey Decimal Classification     GRACE BIBLE COLLEGE GRACE BIBLE COLLEGE Vernacular 2024-06-11   VER 242 GUI 020736 2025-05-01 c.3 2024-06-11 Books
    Dewey Decimal Classification     GRACE BIBLE COLLEGE GRACE BIBLE COLLEGE Vernacular 2024-06-11   VER 242 GUI 020737 2025-05-01 c.4 2024-06-11 Books
    Dewey Decimal Classification     GRACE BIBLE COLLEGE GRACE BIBLE COLLEGE Vernacular 2024-06-11   VER 242 GUI 020738 2025-05-01 c.5 2024-06-11 Books
© Grace Bible College Library 2025